Aston Villa Squad 2025-2026 - Statistics

General Stats
  • This quiz has been taken 500 times
    113 since last reset
  • The average score is 22 of 28
Answer Stats
# Position Nation Player % Correct
23 GK Argentina Emiliano Martínez
98%
7 MF Scotland John McGinn
98%
2 DF Poland Matty Cash
98%
11 FW England Ollie Watkins
96%
10 MF Argentina Emiliano Buendía
95%
4 DF England Ezri Konsa
94%
8 MF Belgium Youri Tielemans
92%
24 MF Belgium Amadou Onana
89%
5 DF England Tyrone Mings
89%
27 MF England Morgan Rogers
88%
- Coach Spain Unai Emery
88%
3 DF Sweden Victor Lindelöf
88%
31 FW Jamaica Leon Bailey
86%
14 DF Spain Pau Torres
86%
12 DF France Lucas Digne
85%
21 MF Brazil Douglas Luiz
81%
17 FW Netherlands Donyell Malen
79%
44 MF France Boubacar Kamara
76%
22 DF Netherlands Ian Maatsen
74%
19 FW England Jadon Sancho
73%
40 GK Netherlands Marco Bizot
73%
29 FW Ivory Coast Evann Guessand
71%
6 MF England Ross Barkley
68%
18 FW England Tammy Abraham
64%
26 DF Netherlands Lamare Bogarde
61%
9 MF England Harvey Elliott
59%
16 DF Spain Andrés García
47%
47 FW Brazil Alysson
33%
No matching quizzes found
Score Distribution
Percent of People with Each Score
Percentile by Number Answered
Your Score History
You have not taken this quiz since the last reset